000 00725nam a2200253Ia 4500
003 OSt
005 20220912145027.0
006 a|||||r|||| 00| 0
007 ta
008 220909b |||||||| |||| 00| 0 eng d
024 _a75783
037 _cTextual
040 _aCSL
_beng
_cCSL
041 _aeng
082 _aCp1,N78, L8.3
100 _aRiazuddin Ed.
111 _aInternational sumar college on physics and contempory (1977 : Pakistan)
245 0 _aProceeding on physics and contemporary needs
260 _aNew York
_bPlenum Press
_c1978
300 _ax, 572p.
_ccm.
650 _aPhysics conference
942 _hCp1,N78, L8.3
_cTEXL
_2CC
999 _c21239
_d21239